| Tag |
First Indicator |
Second Indicator |
Subfields |
| LEADER |
00000cam a2200000Ia 4500 |
| 001 |
in00001699021 |
| 005 |
20151024150033.0 |
| 007 |
he bmb024baca |
| 008 |
950217s1990 miu bb 000 0 eng d |
| 035 |
|
|
|a (OCoLC)ocm32006648
|
| 040 |
|
|
|a OKX
|c OKX
|d TXA
|d UtOrBLW
|
| 049 |
|
|
|a TXAM
|
| 090 |
|
|
|a LB1131.5
|b .T478x no.,017383
|
| 099 |
|
|
|a fiche
|a S
|a 458 no.17383
|
| 100 |
1 |
|
|a Stark, Joan S.
|
| 245 |
1 |
0 |
|a Student goals exploration.
|
| 264 |
|
1 |
|a Ann Arbor, Mich. :
|b National Center for Research to Improve Postsecondary Teaching and Learning,
|c [1990]
|
| 264 |
|
4 |
|c ©1990
|
| 300 |
|
|
|a approximately 200 pages
|
| 336 |
|
|
|a text
|b txt
|2 rdacontent
|
| 337 |
|
|
|a microform
|b h
|2 rdamedia
|
| 338 |
|
|
|a microfiche
|b he
|2 rdacarrier
|
| 500 |
|
|
|a Caption title.
|
| 500 |
|
|
|a "The SGE was developed by the Research Program on Curriculum".
|
| 504 |
|
|
|a Includes bibliographical references.
|
| 533 |
|
|
|a Microfiche.
|b Princeton, N.J. :
|c Educational Testing Service,
|d [1993].
|e 3 microfiches : negative.
|f (Tests in microfiche ; no. 017383).
|
| 500 |
|
|
|a Microform.
|
| 650 |
|
0 |
|a Student aspirations
|x Testing.
|
| 710 |
2 |
|
|a Research Program on Curriculum (Ann Arbor, Mich.)
|
| 710 |
2 |
|
|a Educational Testing Service.
|
| 830 |
|
0 |
|a Tests in microfiche ;
|v no. 017383.
|
| 948 |
|
|
|a cataloged
|b h
|c 2002/8/27
|d c
|e ceaton
|f 1:19:22 pm
|
| 994 |
|
|
|a E0
|b TXA
|
| 999 |
|
|
|a MARS
|
| 999 |
f |
f |
|s 9f7233be-1516-35a6-9efc-3fe3ac0d2ed1
|i dc4655ba-ee01-35b0-a9b2-cad18fedcf50
|t 0
|
| 952 |
f |
f |
|p normal
|a Texas A&M University
|b College Station
|c Sterling C. Evans Library
|d Evans: Microforms (3rd floor)
|t 0
|e fiche S 458 no.17383
|h Other scheme
|i microform -- microfiche
|m A14829027644
|
| 998 |
f |
f |
|a fiche S 458 no.17383
|t 0
|l Evans: Microforms (3rd floor)
|